Карта Пензенской губернии с разделением на уезды, станы и участки судебных следователей

Доступно только в Электронных читальных залах Найти на картеНа карте
RUSMARC
00003481nmc2a2200000 x 450
001c4e25d66-6e42-4e64-82e6-590f43cf4011
00520151218171629.0
100##$a20150922l18641864k l0rusy0189 ca
1010#$arus
102##$aRU
2001#$aКарта Пензенской губернии с разделением на уезды, станы и участки судебных следователей
$j[1864 г.]
251##$cДело
105##$ab###
801#0$aRU
$bРГИА
$c20150922
$gRCR
801#1$aRU
$bГлавНИВЦ
$c20150922
$2rusmarc
801#2$aRU
$bПБ им. Б.Н. Ельцина
$c20151218
$gRCR
$2rusmarc
850##$aРГИА
852##$aРГИА
$eФедеральное казенное учреждение "Российский государственный исторический архив" (РГИА)
$j141
937##$hРГИА
$d12153843
$aASBIBLIO_SCAN
462#0$1001dcd89104-8d20-40fa-811e-bb92fb080979
$12001
$aКарты, планы и чертежи Петербургского сенатского архива за 1732-1917 гг.
$1251
$cОпись
$1852
$j1
461#0$1001ac81bd0a-ee7e-4d64-837e-48e7e073b90f
$12001
$aКарты, планы и чертежи Петербургского Сенатского архива (коллекция)
$1251
$cФонд
$1852
$j1399
215##$a2 л.; 1 карт.
$cкарт.
$d63х81,5 см
371##$aДокумент не является опубликованным и широко распространяемым
1220#$ad
035##$ac4e25d66-6e42-4e64-82e6-590f43cf4011
Формат отображения